Spider-Man Enemies by Profession - Statistics

General Stats
  • This quiz has been taken 871 times
  • The average score is 10 of 15
Answer Stats
Hint Answer % Correct
Industrialist Green Goblin
95%
Photographer/Reporter Venom
95%
Nuclear Physicist & Inventor Doctor Octopus
91%
Genetic Biologist The Lizard
91%
Electrical Engineer & Lineman Electro
88%
Crimelord Kingpin
79%
Big Game Hunter Kraven
74%
Thug for Hire Rhino
73%
Stuntman & Special Effects Guru Mysterio
70%
Electronics Engineer The Vulture
61%
Engineer & Safe Cracker Shocker
56%
Impersonator Chameleon
53%
Private Investigator Scorpion
48%
US Navy Crewman Hydro-Man
29%
Biology Professor Jackal
21%
No matching quizzes found
Score Distribution
Percent of People with Each Score
Percentile by Number Answered
Your Score History
You have not taken this quiz